Fisioterapia para la escoliosis: basada en el diagnóstico
Guardat en:
| Autors principals: | , |
|---|---|
| Format: | Llibre |
| Idioma: | espanyol |
| Publicat: |
Barcelona
Paidotribo
2004
|
| Edició: | 1a. ed |
| Matèries: | |
| Etiquetes: |
Afegir etiqueta
Sense etiquetes, Sigues el primer a etiquetar aquest registre!
|
MARC
| LEADER | 00000nam a2200000 a 4500 | ||
|---|---|---|---|
| 001 | UCG2733 | ||
| 003 | CL-VaPUC | ||
| 008 | 100723e20040000SP |||||||||||||||||spa|d | ||
| 020 | |a 8480197315 | ||
| 082 | 0 | 4 | |a 615.82 |b WEI |2 21 |
| 100 | 0 | |a Weiss, Hans Rudolf |e author |9 551315 | |
| 700 | 0 | |a Rigo, Manuel |e author |9 551316 | |
| 245 | 1 | 0 | |a Fisioterapia para la escoliosis: basada en el diagnóstico |
| 250 | |a 1a. ed | ||
| 300 | |a 276 p | ||
| 942 | |c BK | ||
| 945 | |d 20100723 00:00:00 |a mfarfan | ||
| 260 | |a Barcelona |b Paidotribo |c 2004 | ||
| 650 | 0 | |a Fisioterapia |9 307408 | |
| 650 | 0 | |a Ejercicios físicos |9 307296 | |
| 650 | 7 | |a TERAPIA FISICA |2 CL-VaPUC |9 334239 | |
| 650 | 7 | |a MEDICINA FISICA |2 CL-VaPUC |9 307380 | |
| 650 | 7 | |a ESCOLIOSIS |2 CL-VaPUC |9 407122 | |
| 650 | 0 | |a Columna vertebral |9 307410 | |
| 583 | |a last modification |c 20100723 00:00:00 |k Rodrigo Vera | ||
| 999 | |c 341859 |d 341857 | ||
| 952 | |0 0 |1 0 |4 0 |6 615_820000000000000_WEI_2004 |7 0 |8 A |9 437649 |a BIBCUR |b BIBCUR |d 2019-11-22 |i 4696859 |o 615.82 WEI 2004 |p 4696859 |r 2025-04-22 |w 2019-11-22 |y BK |k KIN | ||
| 952 | |0 0 |1 0 |4 0 |6 615_820000000000000_WEI_2004 |7 0 |8 A |9 437650 |a BIBCUR |b BIBCUR |d 2019-11-22 |i 4696867 |o 615.82 WEI 2004 |p 4696867 |r 2025-04-22 |w 2019-11-22 |y BK |k KIN | ||
| 952 | |0 0 |1 0 |4 0 |6 615_820000000000000_WEI_2004 |7 0 |8 A |9 437651 |a BIBCUR |b BIBCUR |d 2019-11-22 |i 4696875 |o 615.82 WEI 2004 |p 4696875 |r 2025-04-22 |w 2019-11-22 |y BK |k KIN | ||
| 952 | |0 0 |1 0 |4 0 |6 615_820000000000000_WEI_2004 |7 0 |8 A |9 437652 |a BIBCUR |b BIBCUR |d 2019-11-22 |i 4696883 |o 615.82 WEI 2004 |p 4696883 |r 2025-04-22 |w 2019-11-22 |y BK |k KIN | ||
| 952 | |0 0 |1 0 |4 0 |6 615_820000000000000_WEI_2004 |7 0 |8 A |9 437653 |a BIBCUR |b BIBCUR |d 2019-11-22 |i 4696891 |o 615.82 WEI 2004 |p 4696891 |r 2025-04-22 |w 2019-11-22 |y BK |k KIN | ||
| 952 | |0 0 |1 0 |4 0 |6 615_820000000000000_WEI_2004 |7 0 |8 A |9 437654 |a BIBCUR |b BIBCUR |d 2019-11-22 |i 4696905 |o 615.82 WEI 2004 |p 4696905 |r 2025-04-22 |w 2019-11-22 |y BK |k KIN | ||
| 952 | |0 0 |1 0 |4 0 |6 615_820000000000000_WEI_2004 |7 0 |8 A |9 437655 |a BIBCUR |b BIBCUR |d 2019-11-22 |i 4696913 |o 615.82 WEI 2004 |p 4696913 |r 2025-04-22 |w 2019-11-22 |y BK |k KIN | ||